Logo BPK

Biblioteka

Politechniki Koszalińskiej

Narzędzia skrawające : (Rekord nr 6233)

Szczegóły MARC
000 -ETYKIETA REKORDU
podpole kontrolne o stałej długości 00513nam a2200169 i 4500
001 - NUMER KONTROLNY REKORDU
pole kontrolne bg
040 ## - ŹRÓDŁO KATALOGOWANIA
Instytucja, która utworzyła rekord BPK
041 ## - KOD JĘZYKA
Kod języka tekstu pol
080 ## - UNIWERSALNA KLASYFIKACJA DZIESIĘTNA - UKD
UKD 621.9.02(076)
008 - POLE O STAŁEJ DŁUGOŚCI - DANE KONTROLNE
podpole kontrolne o stałej długości s pl f |000 0 pol
100 1# - NAZWA OSOBOWA
Nazwa osobowa Hulboj, Stanisław
Daty związane z nazwą (1942- ).
245 #0 - TYTUŁ/ODPOWIEDZIALNOŚĆ
Tytuł Narzędzia skrawające :
Ciąg dalszy tytułu przykłady projektowe do ćwiczeń /
Pozostałe elementy strefy tytułu i oznaczenia odpowiedzialności Stanisław Hulboj.
250 ## - STREFA WYDANIA
Oznaczenie wydania Wyd. 3 popr.
260 ## - STREFA ADRESU WYDAWNICZEGO
Miejsce wydania Częstochowa :
Nazwa wydawcy/dystrybutora Wydaw. Politechniki Częstochowskiej,
Data publikacji, dystrybucji/powstania dokumentu 1992.
300 ## - STREFA OPISU FIZYCZNEGO
Objętość 88, [2] s. :
Inne cechy fizyczne rys., wykr. ;
Rozmiary 24 cm.
856 ## - LOKALIZACJA I DOSTĘP DO ELEKTRONICZNYCH DOKUMENTÓW ZDALNYCH
Link (URL) http://koha.tu.koszalin.pl/cgi-bin/koha/opac-detail.pl?biblionumber=6233
Tekst linku Katalog online BPK
942 ## - DODATKOWE ELEMENTY (KOHA)
Typ dokumentu Książka
Egzemplarze
Wycofany Status egzemplarza Uszkodzony Dostępność Lokalizacja stała Lokalizacja bieżąca Miejsce przechowywania Sygnatura Kod kreskowy Typ dokumentu
      Dostępny Biblioteka Politechniki Koszalińskiej Biblioteka Politechniki Koszalińskiej Wypożyczalnia BG P 46808 01246100 Książka
© 2023 Biblioteka Politechniki Koszalińskiej :: KOHA